Raj to Swaraj: (Record no. 184566)

MARC details
000 -LEADER
fixed length control field 00614nam a22001817a 4500
005 - DATE AND TIME OF LATEST TRANSACTION
control field 20220124105310.0
010 ## - LCCN (DPL NO)
LC control number ENG-131326
020 ## - INTERNATIONAL STANDARD BOOK NUMBER
International Standard Book Number 978-93-5266-430-6
Terms of availability 500.00
035 ## - SYSTEM CONTROL NUMBER
System control number EN-114858
037 ## - SOURCE OF ACQUISITION
Source of stock number/acquisition DBAD
082 ## - DEWEY DECIMAL CLASSIFICATION NUMBER
Classification number 320.954
100 ## - MAIN ENTRY--PERSONAL NAME
Personal name Pradhan, Ram Chandra
245 ## - TITLE STATEMENT
Title Raj to Swaraj:
Remainder of title A Textbook on Colonialism and Nationalism in India/
Statement of responsibility, etc Ram Chandra Pradhan
260 ## - PUBLICATION, DISTRIBUTION, ETC. (IMPRINT)
Place of publication, distribution, etc New Delhi
Name of publisher, distributor, etc Prabhat Paperbacks
Date of publication, distribution, etc 2018
270 ## - ADDRESS
City New Delhi
Address 4/19, Asaf Ali Road
Postal code 110002
Telephone number 91-11-23289777
Electronic mail address prabhatbooks@gmail.com
300 ## - PHYSICAL DESCRIPTION
Extent 463p.
Dimensions 22cm(pbk)
Other physical details Index
942 ## - ADDED ENTRY ELEMENTS (KOHA)
Source of classification or shelving scheme Dewey Decimal Classification
Item type English Books
Classification part 320.954
Call number suffix PRA
Holdings
Withdrawn status Lost status Not for loan Collection code Home library Current library Date acquired Source of acquisition Cost, normal purchase price Full call number Barcode Copy number Cost, replacement price Koha item type
      Non-fiction Central Library Central Library 24/01/2022 DBAD/PUB 500.00 320.954 PRA EN-114858 1 500.00 English Books

© Delhi Public Library
Hit Counter
free hit counter